Stare insieme (Record n. 217031)

Dettagli MARC
000 -LEADER
fixed length control field 01432nam a2200205Ia 4500
001 - CONTROL NUMBER
control field a2130-53492
003 - CONTROL NUMBER IDENTIFIER
control field IT-MiCISF
008 - FIXED-LENGTH DATA ELEMENTS--GENERAL INFORMATION
fixed length control field 161014s9999||||xx |||||||||||||| ||und||
040 ## - CATALOGING SOURCE
Original cataloging agency IT-MiCISF
Transcribing agency IT-MiCISF
041 ## - LANGUAGE CODE
Language code of text/sound track or separate title it
999 ## - SYSTEM CONTROL NUMBERS (KOHA)
Koha Dewey Subclass [OBSOLETE] si
100 ## - MAIN ENTRY--PERSONAL NAME
Personal name Campanini Giorgio
245 #0 - TITLE STATEMENT
Title Stare insieme
Remainder of title Alla ricerca di una famiglia conviviale
250 ## - EDITION STATEMENT
Edition statement 1a ed.
260 ## - PUBLICATION, DISTRIBUTION, ETC. (IMPRINT)
Place of publication, distribution, etc. Cinisello Balsamo (MI)
Name of publisher, distributor, etc. San Paolo
Date of publication, distribution, etc. 2013
300 ## - PHYSICAL DESCRIPTION
Extent pp. 181
500 ## - GENERAL NOTE
General note / famiglia, società, storia, ideali, matrimonio, coppia, solidarietà / La famiglia ha ancora un futuro? Oppure il nucleo familiare dovrà cedere il passo ad altre forme di rapporto fra uomo e donna? O dovrà scoprire nuove prospettive della paternità e della maternità? In dialogo con la cultura contemporanea, il volume affronta questi interrogativi attraverso un'attenta analisi della famiglia e della sua evoluzione: dai cambiamenti generazionali alle nuove dimensioni dell'erotismo, dal difficile rapporto fra spontaneità dei sentimenti e istituzione alla relazione tra pubblico e privato. Alla sfida della società tecnologica, dove regnano il dominio e l'efficienza, secondo l'A. la famiglia può rispondere solo se recupera la dimensione "conviviale" la capacità di esprimere gioia e serenità, di incarnare nella vita quotidiana lo stile della gratuità, sviluppando la "logica del dono" e del dialogo.
650 ## - SUBJECT ADDED ENTRY--TOPICAL TERM
Topical term or geographic name as entry element famiglia
942 ## - ADDED ENTRY ELEMENTS (KOHA)
Koha item type LIBRO
957 ## -
-- 1
999 ## - SYSTEM CONTROL NUMBERS (KOHA)
-- 1
Dati di copia
Withdrawn status Lost status Damaged status Not for loan Home library Current library Date acquired Total Checkouts Full call number Date last seen Price effective from Koha item type Public note
    Buone Condizioni Not For Loan CISF - Milano CISF - Milano 14/10/2016   a2130-53492 14/10/2016 14/10/2016 LIBRO Data import 15.10.2016 / by Epidotti, Vaglietti
CREDITS: SOCIETA' SAN PAOLO Via A.Severo, 58 - ROMA (RM) & PERIODICI SAN PAOLO SRL Via Giotto, 36 MILANO & CISF Via Giotto, 36 MILANO & EDIZIONI SAN PAOLO SRL,  Piazza Soncino, 5 CINISELLO BALSAMO (MI) -- ITALY